| 000 | 00903cam a2200253 a 4500 | ||
|---|---|---|---|
| 001 | 43562 | ||
| 003 | BD-RjUL | ||
| 005 | 20211209053721.0 | ||
| 008 | 160625s1960 pk 000 0 eng d | ||
| 035 | _a(BD-RjUL)43680 | ||
| 035 | _a1729700 | ||
| 040 |
_aANL _beng _cANL |
||
| 041 | _aeng | ||
| 082 |
_223 _a331.89 _bHAN 1960 |
||
| 110 | 1 |
_aPakistan. _9133826 |
|
| 245 | 1 | 0 |
_aHandbook of industrial disputes legislation containing: _b1. Industrial disputes ordinance, 1959. 2. Industrial disputes (Central) rules, 1960. 3. East Pakistan Industrial disputes rules, 1960. [and] 4. West Pakistan Industrial disputes rules, 1960. _cEdited by M. Shafi. |
| 260 |
_a[Karachi] : _bBureau of Labour Publications, _c1960. |
||
| 300 |
_a72 p. ; _c21 cm. |
||
| 500 | _aCover title. | ||
| 650 | 0 |
_aLabor disputes _zPakistan. _9133821 |
|
| 700 | 1 |
_aShafi, M. _9133822 |
|
| 942 |
_2ddc _cBK |
||
| 999 |
_c43562 _d43562 |
||